000 00935nam a22003377a 4500
001 BR9402919
003 BR-BrBNA
005 20230928094202.0
007 ta
008 230509b bl.||||| |||| 00| 0 por d
040 _aBR-BrBNA
_bpor
_cBiblioteca Nacional de Agricultura
041 _a(Por)
072 _aE71; D50; J11
_b0600
090 _ 0600 BR9402919
100 1 _aCarraro, A.F.
100 1 _aCunha, M.M. da
110 1 _aPrograma de Apoio a Producao e Exportacao de Frutas, Hortalicas, Flores e Plantas Ornamentais, Brasilia, DF (Brasil)
245 1 _aManual de exportacao de frutas
260 3 _aBrasilia, DF (Brasil):
_c1994.
300 _a252 p.
500 _a118 tables
650 _aFruta
650 _aExportacao
650 _aLegislacao
650 _aAgrotoxico
650 _aEmbalagem
650 _aTransporte
650 _aArmazenamento
909 _a202309
_bLucia
_c55
_dLucia Elande
942 _cBK
999 _c49276
_d49276